Statistics for Top 10 African Countries by Coastline

Click here to take the quiz!

General Stats

  • This quiz has been taken 25,588 times
    (14,420 since last reset)
  • The average score is 7 of 10

Answer Stats

Kilometers Country % Correct
3,070South Africa
99%
2,710Morocco
94%
3,790Egypt
93%
2,440Somalia
92%
5,440Madagascar
89%
3,840Mozambique
84%
1,910Tanzania
77%
2,190Nigeria
58%
1,900Gabon
26%
1,920Guinea-Bissau
8%

Score Distribution

Percentile by Number Answered

Percent of People with Each Score

Your Score History

You have not taken this quiz since the last reset